| 000 | 00000nam 2200000za 4500 |
| 001 | 9.693596 |
| 003 | CaOODSP |
| 005 | 20210927150457 |
| 007 | cr ||||||||||| |
| 008 | 150407|2010||||xxc|||||o f|0| 0 eng d |
| 040 | |aCaOODSP|beng |
| 043 | |an-cn--- |
| 086 | 1 |aR32-134/2010E-PDF |
| 110 | 1 |aCanada. |bIndian and Northern Affairs Canada. |
| 245 | 10|aAgreement between the Inuit of the Nunavut Settlement Area and Her Majesty the Queen in right of Canada |h[electronic resource] |
| 250 | |aConsolidated version |
| 260 | |aOttawa - Ontario : |bIndian and Northern Affairs |c2010. |
| 300 | |a298p. |
| 500 | |a«Amendments included herein are up to January 29, 2009». The catalogue number (R32-134/2010E) and ISBN (978-1-100-15387-2) for the print edition have been incorrectly copied in this PDF edition. |
| 590 | |a10-24|b2010-06-18 |
| 775 | 08|tL'accord entre les Inuit de la région du Nunavut et sa Majesté la Reine du chef du Canada, tel que modifié |w(CaOODSP)9.637771 |
| 776 | 0#|tAgreement between the Inuit of the Nunavut Settlement Area and Her Majesty the Queen in right of Canada |w(CaOODSP)9.651941 |
| 795 | |tAgreement between the Inuit of the Nunavut Settlement Area and Her Majesty the Queen in right of Canada |w(CaOODSP)9.696303 |
| 856 | 40|ahttp://publications.gc.ca|qPDF|s3464 KB|uhttps://publications.gc.ca/collections/collection_2010/ainc-inac/R32-134-2010-eng.pdf |
| 986 | |aQS-8484-001-EE-A1 |